| 000 | 00480nam a2200181Ia 4500 | ||
|---|---|---|---|
| 999 |
_c29701 _d29701 |
||
| 003 | OSt | ||
| 005 | 20201127114811.0 | ||
| 008 | 190216s9999||||xx |||||||||||||| ||und|| | ||
| 020 | _a9788126420490 | ||
| 040 | _coclc | ||
| 082 |
_a894.8123 _bMIT/A |
||
| 100 |
_aMitra, Vimal _96972 |
||
| 245 | 0 |
_aAham / _cVimal Mitra |
|
| 260 |
_bDc Books, _c2008. _aKottayam: |
||
| 300 | _a226p | ||
| 650 | _aNovel | ||
| 942 |
_cBK _2ddc _h894.8123 _iMIT/A _k894.8123 _mMIT/A |
||